[Event "XX Festival Conca della Presolana A"]
[Site "Bratto - Castione della Presolana ITA"]
[Date "2000.08.29"]
[Round "5"]
[White "Vita, Fabrizio"]
[Black "Capece, Adolivio"]
[Result "1/2-1/2"]
[WhiteElo "2102"]
[BlackElo "2065"]
[PlyCount "120"]
[EventDate "2000.08.25"]

1.Nf3 c5 2.c4 Nc6 3.Nc3 g6 4.e3 Bg7 5.d4 d6 6.Be2 Nf6 7.O-O O-O 8.d5 Nb8 
9.h3 Nbd7 10.e4 a6 11.a4 b6 12.Bf4 Ne8 13.Bg3 Nc7 14.Bd3 Rb8 15.Qe2 f6 16.
Nd2 Ne5 17.Bc2 Bd7 18.f4 Nf7 19.Bd3 Qe8 20.Nf3 Rb7 21.e5 Bf5 22.Bxf5 gxf5 
23.Rfe1 Qd8 24.Nh4 Nh6 25.exd6 exd6 26.Qh5 Qd7 27.Re3 Rbb8 28.Rae1 Rbe8 
29.Bf2 Qf7 30.Qd1 Rxe3 31.Rxe3 Re8 32.Qd3 Rxe3 33.Qxe3 Qe8 34.Qxe8+ Nxe8 
35.Kf1 Bf8 36.Ke2 Kf7 37.Kd3 Ke7 38.Ne2 Ng7 39.Be1 Kd7 40.Ng3 Be7 41.Bc3 
Bd8 42.Ke3 Ke7 43.Nf3 Kf7 44.Nd2 Ng8 45.b4 Ne7 46.Kf3 Nc8 47.Ngf1 Ne8 48.
Ne3 Kg6 49.Nb3 Bc7 50.Ke2 Ng7 51.Be1 Nh5 52.Kf3 Ng7 53.g3 Ne8 54.Ke2 Ng7 
55.Kd3 Nh5 56.b5 a5 57.Ke2 Ng7 58.Nd2 Ne7 59.Nf3 Kf7 60.Bc3 Ng8 1/2-1/2

[Event "XX Festival Conca della Presolana A"]
[Site "Bratto - Castione della Presolana ITA"]
[Date "2000.08.29"]
[Round "5"]
[White "Voltolini, Giuseppe"]
[Black "Mantovani, Renzo"]
[Result "0-1"]
[WhiteElo "2279"]
[BlackElo "2410"]
[PlyCount "92"]
[EventDate "2000.08.25"]

1.d4 Nf6 2.c4 c5 3.d5 g6 4.Nc3 Bg7 5.e4 O-O 6.Bd3 d6 7.Nge2 a6 8.O-O e6 9.
a4 exd5 10.cxd5 Nbd7 11.Rb1 Re8 12.Bf4 Ne5 13.b4 Nh5 14.Bxe5 Bxe5 15.bxc5 
Qh4 16.f4 Nxf4 17.Nxf4 Bxf4 18.Rxf4 Qxf4 19.c6 Qe3+ 20.Kh1 bxc6 21.dxc6 
Be6 22.Qf1 Qc5 23.Rc1 Qxc6 24.Nd5 Bxd5 25.Rxc6 Bxc6 26.Qf4 d5 27.e5 Re6 
28.h3 Rae8 29.Bxa6 Bxa4 30.Bd3 Bd7 31.Qg4 R6e7 32.Qd4 Rxe5 33.Kh2 h5 34.
Qc5 Bf5 35.Bb5 d4 36.Qb6 Rc8 37.Ba6 Re6 38.Qb7 Rc2 39.Bb5 Be4 40.Qb8+ Kg7 
41.Bf1 Bxg2 42.Bxg2 Ree2 43.h4 Rxg2+ 44.Kh3 Rh2+ 45.Kg3 Rhg2+ 46.Kh3 Rge2 
0-1

[Event "XX Festival Conca della Presolana A"]
[Site "Bratto - Castione della Presolana ITA"]
[Date "2000.08.29"]
[Round "5"]
[White "Zichichi, Alvise"]
[Black "Manzoni, Alessandro"]
[Result "1-0"]
[WhiteElo "2325"]
[BlackElo "2115"]
[PlyCount "55"]
[EventDate "2000.08.25"]

1.d4 d5 2.Nf3 c6 3.Bf4 e6 4.e3 Bd6 5.Ne5 Nf6 6.Nd2 Qe7 7.Bg5 h6 8.Bh4 g5 
9.Bg3 b6 10.h4 Rg8 11.hxg5 hxg5 12.c3 c5 13.Rh6 Nfd7 14.Qh5 Nxe5 15.dxe5 
Bc7 16.Rh8 Rxh8 17.Qxh8+ Qf8 18.Qh5 Qg7 19.Nf3 Bd8 20.O-O-O Ba6 21.Bxa6 
Nxa6 22.Qg4 c4 23.e4 Nc5 24.exd5 Nd3+ 25.Rxd3 cxd3 26.Qa4+ Kf8 27.Qc6 g4 
28.Qxa8 1-0

[Event "XX Festival Conca della Presolana A"]
[Site "Bratto - Castione della Presolana ITA"]
[Date "2000.08.29"]
[Round "5"]
[White "Zoldan, Matteo"]
[Black "Battaggia, Piergiorgio"]
[Result "1/2-1/2"]
[WhiteElo "2092"]
[BlackElo "2118"]
[PlyCount "35"]
[EventDate "2000.08.25"]

1.e4 c5 2.Nf3 d6 3.d4 cxd4 4.Nxd4 Nf6 5.Nc3 a6 6.f3 Qb6 7.Nb3 e6 8.Qe2 Qc7
9.Be3 Nc6 10.g4 b5 11.Qf2 Ne5 12.Bb6 Qb8 13.Nd2 Nfd7 14.Bd4 Qc7 15.O-O-O 
Bb7 16.Kb1 Rc8 17.Rc1 Nc5 18.Rg1 1/2-1/2

[Event "XX Festival Conca della Presolana A"]
[Site "Bratto - Castione della Presolana ITA"]
[Date "2000.08.30"]
[Round "6"]
[White "Aglietti, Graziano"]
[Black "Caruso, Daniele"]
[Result "1/2-1/2"]
[WhiteElo "2062"]
[BlackElo "2117"]
[PlyCount "203"]
[EventDate "2000.08.25"]

1.e4 e6 2.d4 d5 3.Nc3 Nf6 4.Bg5 Be7 5.e5 Nfd7 6.h4 a6 7.Qg4 Bxg5 8.hxg5 c5
9.g6 f5 10.Qf4 h6 11.Nf3 Rf8 12.O-O-O Qe7 13.dxc5 Nxc5 14.Rxd5 Ne4 15.Rd6 
Nxd6 16.exd6 Qf6 17.Bc4 Nc6 18.Re1 Kd8 19.Qe3 Qxg6 20.Qb6+ Ke8 21.Nd5 Kf7 
22.Ne7 Qxg2 23.Nxc8 Qxf3 24.Qxb7+ Kg8 25.Ne7+ Kh7 26.Qxc6 Qxf2 27.Rd1 Rab8
28.Bb3 Rfd8 29.Qh1 Qf4+ 30.Kb1 Rxd6 31.Rf1 Qg5 32.Nc6 Rb5 33.a4 Rc5 34.Nb4
Qd2 35.Nd3 Rc7 36.Qf3 Qg5 37.Re1 Qf6 38.Rf1 g5 39.Rh1 e5 40.Qa8 Rd8 41.Qg2
e4 42.Nb4 Rcd7 43.Qe2 a5 44.Na6 Qc6 45.Bc4 Rd2 46.Qh5 Qg6 47.Qh3 R2d6 48.
Nc5 Rc6 49.Nb7 Rb8 50.Nxa5 Rc5 51.Rd1 Qg7 52.Nb3 g4 53.Qg3 Rbc8 54.Nxc5 
Rxc5 55.Be6 Qe5 56.Rd7+ Kg6 57.Bf7+ Kg5 58.Qe1 h5 59.Qh1 h4 60.Bb3 h3 61.
Rd8 Qg3 62.Qd1 h2 63.Rg8+ Kf4 64.Qd6+ Kf3 65.Qd1+ Kg2 66.Rh8 Qf2 67.Ka2 
Re5 68.Bc4 e3 69.Be2 Re4 70.b3 Qg1 71.Bf1+ Kg3 72.Qd6+ Rf4 73.Qh6 h1=Q 74.
Qxh1 Qxh1 75.Rxh1 Rxf1 76.Rxf1 e2 77.Rc1 f4 78.a5 f3 79.a6 f2 80.a7 e1=Q 
81.Rxe1 fxe1=Q 82.a8=Q Qe2 83.Qc6 Kf2 84.Qf6+ Ke1 85.Kb2 g3 86.Qc3+ Kf2 
87.Qf6+ Qf3 88.Qh4 Kf1 89.Qc4+ Qe2 90.Qf4+ Qf2 91.Qc4+ Kg1 92.Qg4 g2 93.
Qd1+ Kh2 94.Qh5+ Kg3 95.Qg5+ Kh3 96.Qh5+ Qh4 97.Qf3+ Kh2 98.Qe2 Qf6+ 99.
Ka2 Qf5 100.Qd2 Qg6 101.Qf4+ Kh3 102.Qf3+ 1/2-1/2

[Event "XX Festival Conca della Presolana A"]
[Site "Bratto - Castione della Presolana ITA"]
[Date "2000.08.30"]
[Round "6"]
[White "Basciu, Simone"]
[Black "Sbarra, Marco"]
[Result "1/2-1/2"]
[WhiteElo "2147"]
[BlackElo "2285"]
[PlyCount "68"]
[EventDate "2000.08.25"]

1.d4 d5 2.Nf3 Nf6 3.c4 e6 4.Nc3 c5 5.cxd5 cxd4 6.Qxd4 exd5 7.e3 Nc6 8.Bb5 
Be7 9.O-O O-O 10.Qa4 Bd7 11.Rd1 a6 12.Bxc6 bxc6 13.Ne5 Qc7 14.Nxd7 Nxd7 
15.b3 Nc5 16.Qd4 Ne6 17.Qa4 Bf6 18.Bb2 Rfd8 19.Rac1 Qb7 20.Ba1 Rac8 21.Ne2
Bxa1 22.Rxa1 c5 23.Rac1 d4 24.Qc4 h6 25.Qd3 dxe3 26.Qxe3 Rxd1+ 27.Rxd1 c4 
28.bxc4 Rxc4 29.h3 Qb2 30.Rd2 Rc2 31.Rxc2 Qxc2 32.Nc3 a5 33.Kh2 a4 34.Kg1 
a3 1/2-1/2

[Event "XX Festival Conca della Presolana A"]
[Site "Bratto - Castione della Presolana ITA"]
[Date "2000.08.30"]
[Round "6"]
[White "Belotti, Bruno"]
[Black "Farago, Ivan"]
[Result "1/2-1/2"]
[WhiteElo "2417"]
[BlackElo "2486"]
[PlyCount "44"]
[EventDate "2000.08.25"]

1.e4 e6 2.d4 d5 3.Nc3 Bb4 4.e5 Ne7 5.a3 Bxc3+ 6.bxc3 c5 7.Qg4 O-O 8.Bd3 f5
9.exf6 Rxf6 10.Bg5 Rf7 11.Qh5 g6 12.Qd1 Nbc6 13.Nf3 Qc7 14.O-O c4 15.Be2 
Nf5 16.Qc1 Bd7 17.Re1 Raf8 18.a4 Qa5 19.Bd2 Nd6 20.Bh6 Re8 21.Qa3 Nf5 22.
Bd2 Ref8 1/2-1/2

[Event "XX Festival Conca della Presolana A"]
[Site "Bratto - Castione della Presolana ITA"]
[Date "2000.08.30"]
[Round "6"]
[White "Berni, Giorgio"]
[Black "Vita, Fabrizio"]
[Result "0-1"]
[WhiteElo "1905"]
[BlackElo "2102"]
[PlyCount "42"]
[EventDate "2000.08.25"]

1.e4 c5 2.Nf3 d6 3.d4 cxd4 4.Nxd4 Nf6 5.Nc3 g6 6.Be3 Bg7 7.f3 O-O 8.Bc4 
Nc6 9.Qd2 Bd7 10.Bb3 Qc7 11.O-O-O Rfc8 12.g4 Ne5 13.Bh6 Bh8 14.h4 Nc4 15.
Bxc4 Qxc4 16.h5 b5 17.hxg6 fxg6 18.Bg5 b4 19.Bxf6 bxc3 20.Qh6 cxb2+ 21.Kb1
Bxf6 0-1

[Event "XX Festival Conca della Presolana A"]
[Site "Bratto - Castione della Presolana ITA"]
[Date "2000.08.30"]
[Round "6"]
[White "Bonomi, Maurizio"]
[Black "Berni, Fabrizio"]
[Result "1/2-1/2"]
[WhiteElo "2234"]
[BlackElo "2090"]
[PlyCount "27"]
[EventDate "2000.08.25"]

1.Nf3 Nf6 2.g3 g6 3.Bg2 Bg7 4.O-O O-O 5.c4 d6 6.Nc3 c5 7.d4 Nc6 8.dxc5 
dxc5 9.Be3 Be6 10.Ng5 Qxd1 11.Rfxd1 Bxc4 12.Bxc5 Rfd8 13.e3 e6 14.Rac1 
1/2-1/2

[Event "XX Festival Conca della Presolana A"]
[Site "Bratto - Castione della Presolana ITA"]
[Date "2000.08.30"]
[Round "6"]
[White "Capece, Adolivio"]
[Black "Leoni, Fabrizio"]
[Result "1-0"]
[WhiteElo "2065"]
[BlackElo "2143"]
[PlyCount "65"]
[EventDate "2000.08.25"]

1.Nf3 Nf6 2.g3 g6 3.Bg2 Bg7 4.c4 O-O 5.Nc3 c6 6.d4 d5 7.cxd5 cxd5 8.Bf4 
Nbd7 9.O-O Nb6 10.Rc1 Nh5 11.Bd2 e6 12.Ne5 f5 13.Nb5 Nd7 14.Nc7 Nxe5 15.
dxe5 Rb8 16.Bb4 Rf7 17.Bd6 Bf8 18.Nb5 Bxd6 19.Nxd6 Rf8 20.Qd4 Qa5 21.a3 
Bd7 22.b4 Qd8 23.Rc3 b6 24.Rfc1 Ng7 25.Rc7 a6 26.Ra7 Ra8 27.Rxa8 Qxa8 28.
Qxb6 Rd8 29.Rc7 Bb5 30.Ra7 Qb8 31.Rb7 Qa8 32.Nxb5 axb5 33.Qc7 1-0

[Event "XX Festival Conca della Presolana A"]
[Site "Bratto - Castione della Presolana ITA"]
[Date "2000.08.30"]
[Round "6"]
[White "Cebalo, Miso"]
[Black "Inkiov, Ventzislav V."]
[Result "1-0"]
[WhiteElo "2520"]
[BlackElo "2416"]
[PlyCount "91"]
[EventDate "2000.08.25"]

1.d4 Nf6 2.c4 e6 3.Nf3 d5 4.Nc3 Bb4 5.Bg5 h6 6.Bxf6 Qxf6 7.e3 c6 8.Rc1 Nd7
9.cxd5 exd5 10.Bd3 O-O 11.O-O Re8 12.a3 Bxc3 13.Rxc3 a5 14.Re1 Qd6 15.h3 
Nf8 16.Qb1 Be6 17.b4 axb4 18.axb4 Ra4 19.b5 Rb4 20.Qc1 cxb5 21.Qa3 Rd8 22.
Rc5 Rxd4 23.exd4 b6 24.Bxb5 bxc5 25.dxc5 Qf4 26.c6 Ng6 27.Bd3 Bf5 28.Bxf5 
Qxf5 29.Nd4 Qg5 30.c7 Rc8 31.Qd6 Nf4 32.g3 Nxh3+ 33.Kg2 Qg4 34.f3 Nf4+ 35.
Qxf4 Qxf4 36.gxf4 Rxc7 37.Re8+ Kh7 38.Rd8 g6 39.f5 gxf5 40.Rd6 Rc8 41.Kg3 
Rg8+ 42.Kf4 Rg6 43.Rxd5 Ra6 44.Kxf5 Kg7 45.f4 Re6 46.Rc5 1-0

[Event "XX Festival Conca della Presolana A"]
[Site "Bratto - Castione della Presolana ITA"]
[Date "2000.08.30"]
[Round "6"]
[White "Cetro, Carlo"]
[Black "Lovati, Paolo"]
[Result "1-0"]
[WhiteElo "2050"]
[BlackElo "2084"]
[PlyCount "71"]
[EventDate "2000.08.25"]

1.d4 d5 2.c4 e6 3.Nf3 Nf6 4.Nc3 Bb4 5.Qb3 c5 6.e3 Nc6 7.cxd5 exd5 8.dxc5 
O-O 9.Bd2 d4 10.exd4 Re8+ 11.Be3 Nxd4 12.Nxd4 Qxd4 13.Be2 Rxe3 14.fxe3 
Qh4+ 15.g3 Qe4 16.Kf2 Bxc3 17.bxc3 Qf5+ 18.Bf3 Be6 19.c4 Ne4+ 20.Ke2 Nxc5 
21.Qc3 Rc8 22.Rad1 Na4 23.Qd4 Qa5 24.Rc1 Rd8 25.Bd5 b5 26.e4 Bg4+ 27.Ke3 
Qa6 28.Bxf7+ Kxf7 29.Qxd8 Qh6+ 30.Kf2 Nc5 31.Qc7+ Kg8 32.Qb8+ Kf7 33.Qf4+ 
Qxf4+ 34.gxf4 Nd3+ 35.Ke3 Nxc1 36.Rxc1 1-0

[Event "XX Festival Conca della Presolana A"]
[Site "Bratto - Castione della Presolana ITA"]
[Date "2000.08.30"]
[Round "6"]
[White "Cocchi, Andrea"]
[Black "Schuurman, Petra"]
[Result "1-0"]
[WhiteElo "2261"]
[BlackElo "2151"]
[PlyCount "85"]
[EventDate "2000.08.25"]

1.c4 g6 2.g3 Bg7 3.Bg2 d6 4.Nc3 Nd7 5.e3 e5 6.Nge2 Nh6 7.b3 O-O 8.O-O f5 
9.d4 Nf7 10.Bb2 c6 11.Qd2 Nf6 12.dxe5 dxe5 13.Qc2 Qc7 14.c5 Be6 15.Rfd1 
Rad8 16.b4 a6 17.a3 Rfe8 18.Na4 Bd5 19.Nb6 e4 20.Nf4 g5 21.Nfxd5 cxd5 22.
Qc3 Ne5 23.Qb3 Qf7 24.Bxe5 Rxe5 25.Rac1 f4 26.Nc4 Re6 27.exf4 gxf4 28.Nd6 
Qe7 29.gxf4 Kh8 30.Rc3 Rexd6 31.cxd6 Qxd6 32.Rg3 Qxf4 33.Qe3 Bh6 34.Qxf4 
Bxf4 35.Rc3 d4 36.Rc4 Be5 37.Rc5 Bb8 38.Bh3 Kg7 39.Rc8 Rxc8 40.Bxc8 d3 41.
Bxb7 Ba7 42.h3 Kg6 43.Kf1 1-0

[Event "XX Festival Conca della Presolana A"]
[Site "Bratto - Castione della Presolana ITA"]
[Date "2000.08.30"]
[Round "6"]
[White "Davies, Nigel R."]
[Black "Lanzani, Mario"]
[Result "1/2-1/2"]
[WhiteElo "2486"]
[BlackElo "2419"]
[PlyCount "123"]
[EventDate "2000.08.25"]

1.c4 e6 2.Nf3 Nf6 3.g3 b6 4.Bg2 Bb7 5.O-O Be7 6.Nc3 O-O 7.Re1 d5 8.cxd5 
exd5 9.d4 c5 10.Bg5 Na6 11.e3 Nc7 12.Qc2 Ne6 13.dxc5 bxc5 14.Rad1 d4 15.
Bxf6 Bxf6 16.Nxd4 Nxd4 17.exd4 Bxg2 18.dxc5 Qa5 19.Kxg2 Qxc5 20.Rd5 Qc6 
21.Qa4 Rac8 22.Qxc6 Rxc6 23.Rb5 Bxc3 24.Rc1 Ra6 25.Rxc3 Rxa2 26.Ra3 Rxa3 
27.bxa3 g6 28.a4 Rc8 29.Rb7 a5 30.Rb5 Rc2 31.Rxa5 Ra2 32.h4 h5 33.Kf3 Kg7 
34.Ra6 Ra3+ 35.Ke4 Ra2 36.f3 Ra3 37.Kf4 Ra1 38.Ra8 Ra3 39.Ra6 Ra1 40.Ra8 
Ra3 41.Ke4 Kf6 42.Ra6+ Kg7 43.a5 Ra4+ 44.Kd5 Ra3 45.f4 Rxg3 46.Rb6 Rf3 47.
Kc5 Rxf4 48.Rb4 Rf5+ 49.Kb6 Re5 50.a6 Re6+ 51.Kb7 Re7+ 52.Kc8 Re8+ 53.Kd7 
Ra8 54.Ra4 g5 55.Kc6 gxh4 56.Kb7 Re8 57.a7 Kf6 58.a8=Q Rxa8 59.Rxa8 Kf5 
60.Ra4 Kg5 61.Kc6 h3 62.Ra3 1/2-1/2

[Event "XX Festival Conca della Presolana A"]
[Site "Bratto - Castione della Presolana ITA"]
[Date "2000.08.30"]
[Round "6"]
[White "Dervishi, Erald"]
[Black "Grooten, Herman"]
[Result "1/2-1/2"]
[WhiteElo "2478"]
[BlackElo "2386"]
[PlyCount "126"]
[EventDate "2000.08.25"]

1.e4 c6 2.d4 d5 3.Nd2 dxe4 4.Nxe4 Bf5 5.Ng3 Bg6 6.h4 h6 7.Nf3 Nd7 8.h5 Bh7
9.Bd3 Bxd3 10.Qxd3 e6 11.Bf4 Bb4+ 12.c3 Be7 13.O-O-O Ngf6 14.Kb1 a5 15.Ne4
Nxe4 16.Qxe4 Nf6 17.Qc2 b5 18.Ne5 Qb6 19.Rh3 Nd5 20.Rf3 Bf6 21.Ng4 Rd8 22.
Be5 Bxe5 23.Nxe5 O-O 24.g4 f6 25.Nd3 Rfe8 26.Re1 a4 27.a3 Qc7 28.Re4 Qd6 
29.Rg3 Nb6 30.f4 Nc4 31.Rg1 Qd5 32.Rge1 f5 33.gxf5 Qxf5 34.Nc5 Rd6 35.Ka1 
Rd5 36.Qg2 Na5 37.Re5 Qxf4 38.Nxe6 Nb3+ 39.Ka2 Qf7 40.Rxd5 Nc1+ 41.Kb1 
cxd5 42.Rxc1 Qxe6 43.Ka2 Qf5 44.Rg1 Re7 45.Qh2 Kh7 46.Qd6 Re2 47.Qg3 Re7 
48.Qd6 Rf7 49.Qc6 Qxh5 50.Qxb5 Rf2 51.Qxa4 Qh2 52.Rb1 h5 53.Qb5 Qg2 54.c4 
h4 55.cxd5 Rf5 56.Qd3 Qxd5+ 57.Ka1 Kh6 58.Rc1 g5 59.Rc5 Qh1+ 60.Ka2 Rf1 
61.Qe3 Ra1+ 62.Kb3 Qd1+ 63.Rc2 Kh5 1/2-1/2

[Event "XX Festival Conca della Presolana A"]
[Site "Bratto - Castione della Presolana ITA"]
[Date "2000.08.30"]
[Round "6"]
[White "Epishin, Vladimir V."]
[Black "Skembris, Spyridon"]
[Result "1/2-1/2"]
[WhiteElo "2567"]
[BlackElo "2475"]
[PlyCount "109"]
[EventDate "2000.08.25"]

1.d4 Nf6 2.c4 e6 3.Nc3 Bb4 4.e3 c5 5.Ne2 cxd4 6.exd4 d5 7.a3 Be7 8.Nf4 Nc6
9.cxd5 exd5 10.g3 Bg4 11.Qd3 Qb6 12.h3 Be6 13.Bg2 Qxd4 14.Qe2 Qe5 15.Qxe5 
Nxe5 16.O-O Rd8 17.Re1 Nc6 18.b4 Nd4 19.Rd1 Nb3 20.Rb1 Nxc1 21.Rbxc1 Bd6 
22.Nfxd5 Nxd5 23.Bxd5 Bxd5 24.Rxd5 O-O 25.Rcd1 Rc8 26.Ne4 Bb8 27.Nc5 b6 
28.Na6 g6 29.b5 Rc3 30.R1d3 Rxd3 31.Rxd3 Be5 32.Nb4 Bb2 33.Kg2 Re8 34.Kf3 
Re5 35.a4 Rf5+ 36.Ke2 Re5+ 37.Re3 Rf5 38.Nc6 Kg7 39.Nxa7 Rc5 40.Nc6 Rc2+ 
41.Kf3 Rc4 42.Re4 Rc3+ 43.Re3 Rc4 44.Rb3 Bc3 45.Ke3 Bf6 46.a5 bxa5 47.Nxa5
Bd4+ 48.Kf3 Rc2 49.Kg4 Bb6 50.Nb7 Rd2 51.Ra3 Rd7 52.Na5 Rd4+ 53.Kf3 Rb4 
54.Nb3 Rxb5 55.Kg2 1/2-1/2

[Event "XX Festival Conca della Presolana A"]
[Site "Bratto - Castione della Presolana ITA"]
[Date "2000.08.30"]
[Round "6"]
[White "Everet, Alexandro"]
[Black "Trabert, Bettina"]
[Result "1-0"]
[WhiteElo "2348"]
[BlackElo "2259"]
[PlyCount "121"]
[EventDate "2000.08.25"]

1.d4 d5 2.c4 e6 3.Nc3 c6 4.c5 b6 5.cxb6 axb6 6.Nf3 Nf6 7.e3 Ba6 8.Bd3 Bxd3
9.Qxd3 Nbd7 10.O-O Be7 11.a3 O-O 12.Bd2 c5 13.Rfe1 Qb8 14.Qb1 Rc8 15.h3 h6
16.Nb5 Ne4 17.Bc3 f5 18.Nd2 Bh4 19.Re2 Rf8 20.Nf3 Be7 21.Be1 Rf6 22.Nd2 
Rg6 23.Nf1 Bh4 24.f3 Bxe1 25.fxe4 Bh4 26.exf5 Rf6 27.fxe6 Nf8 28.e7 Ne6 
29.dxc5 bxc5 30.Qd3 Qe5 31.Rd1 Rf7 32.Qxd5 Qxd5 33.Rxd5 Rxe7 34.Re5 Rb8 
35.a4 Bf6 36.Re4 Rb6 37.Ng3 g6 38.Rc4 Rd7 39.Ne4 Rd1+ 40.Kf2 Be7 41.Rd2 
Rb1 42.Nec3 Rc1 43.Nd5 Rxc4 44.Nxb6 Rc1 45.Nd5 Bd8 46.Nbc3 Ba5 47.Kf3 Ng5+
48.Kf4 Rf1+ 49.Ke5 Bxc3+ 50.Nxc3 Rf5+ 51.Kd6 Nf7+ 52.Kc7 Ne5 53.b3 Rf7+ 
54.Kb6 c4 55.Rd8+ Kg7 56.b4 Nd3 57.b5 Rf6+ 58.Ka7 Rf7+ 59.Ka8 Nb4 60.Rc8 
Re7 61.Rxc4 1-0

[Event "XX Festival Conca della Presolana A"]
[Site "Bratto - Castione della Presolana ITA"]
[Date "2000.08.30"]
[Round "6"]
[White "Galli, Fabio"]
[Black "Zoldan, Matteo"]
[Result "0-1"]
[WhiteElo "2107"]
[BlackElo "2092"]
[PlyCount "74"]
[EventDate "2000.08.25"]

1.e4 c5 2.Nf3 Nc6 3.d4 cxd4 4.Nxd4 Qb6 5.Nb3 Nf6 6.Nc3 e6 7.Be3 Qc7 8.Bd3 
d6 9.f4 Be7 10.Qe2 O-O 11.g4 a6 12.g5 Nd7 13.h4 b5 14.f5 b4 15.Na4 exf5 
16.exf5 Nce5 17.Nd4 Nxd3+ 18.cxd3 Nc5 19.f6 Nxa4 20.fxe7 Re8 21.Rc1 Qxe7 
22.Kd2 Bg4 23.Qf2 Nxb2 24.Rb1 Na4 25.Rxb4 Nc5 26.Nb3 Nxb3+ 27.Rxb3 Qe5 28.
Re1 Qa5+ 29.Kc1 Be6 30.Bb6 Qa4 31.Rb2 Rab8 32.Qd4 Rec8+ 33.Kb1 Bxa2+ 34.
Ka1 Bc4+ 35.Kb1 Rxb6 36.dxc4 Rxb2+ 37.Kxb2 Qb4+ 0-1

[Event "XX Festival Conca della Presolana A"]
[Site "Bratto - Castione della Presolana ITA"]
[Date "2000.08.30"]
[Round "6"]
[White "Gorelli Fagiolini, Marco"]
[Black "Voltolini, Giuseppe"]
[Result "1/2-1/2"]
[WhiteElo "2203"]
[BlackElo "2279"]
[PlyCount "71"]
[EventDate "2000.08.25"]

1.e4 c6 2.d4 d5 3.e5 c5 4.dxc5 e6 5.Be3 Qc7 6.Nf3 Bxc5 7.Bxc5 Qxc5 8.c3 
Nc6 9.Bd3 Nge7 10.O-O Ng6 11.Re1 Qb6 12.Na3 a6 13.Qd2 Bd7 14.Nc2 f6 15.
Bxg6+ hxg6 16.Ncd4 O-O-O 17.exf6 gxf6 18.Nxe6 Bxe6 19.Rxe6 g5 20.Rxf6 g4 
21.Nd4 Rhe8 22.b3 Re5 23.Nxc6 bxc6 24.Re1 Qc5 25.Re6 Rxe6 26.Rxe6 d4 27.c4
d3 28.Re3 Qd4 29.h3 gxh3 30.Rxh3 Qa1+ 31.Kh2 Qe5+ 32.f4 Qd4 33.Rf3 Rh8+ 
34.Rh3 Re8 35.Re3 Rh8+ 36.Rh3 1/2-1/2

[Event "XX Festival Conca della Presolana A"]
[Site "Bratto - Castione della Presolana ITA"]
[Date "2000.08.30"]
[Round "6"]
[White "Guido, Flavio"]
[Black "Drazic, Sinisa"]
[Result "1/2-1/2"]
[WhiteElo "2303"]
[BlackElo "2508"]
[PlyCount "50"]
[EventDate "2000.08.25"]

1.e4 d5 2.exd5 Qxd5 3.Nc3 Qd6 4.d4 Nf6 5.Nf3 a6 6.Be2 Nbd7 7.O-O e6 8.Be3 
Be7 9.Qd2 b5 10.Bf4 Qb6 11.d5 exd5 12.Nxd5 Nxd5 13.Qxd5 Bb7 14.Qf5 Qf6 15.
Qxf6 Nxf6 16.c4 bxc4 17.Bxc4 O-O 18.Rac1 Bd6 19.Bxd6 cxd6 20.Rfd1 d5 21.
Bd3 Rfc8 22.Nd4 g6 23.f3 Kf8 24.Kf2 h6 25.Re1 Nd7 1/2-1/2

[Event "XX Festival Conca della Presolana A"]
[Site "Bratto - Castione della Presolana ITA"]
[Date "2000.08.30"]
[Round "6"]
[White "Mantovani, Renzo"]
[Black "Romanishin, Oleg M."]
[Result "0-1"]
[WhiteElo "2410"]
[BlackElo "2591"]
[PlyCount "78"]
[EventDate "2000.08.25"]

1.e4 e5 2.Nf3 Nc6 3.Bc4 Nf6 4.d3 Be7 5.O-O O-O 6.Re1 d6 7.a4 Na5 8.Ba2 c5 
9.Nbd2 Be6 10.c3 a6 11.Nc4 Nxc4 12.Bxc4 Qd7 13.a5 Rae8 14.Bg5 Kh8 15.h3 
Ng8 16.Qb3 Bxc4 17.dxc4 f6 18.Be3 Qc6 19.Nd2 g6 20.Qd1 f5 21.exf5 gxf5 22.
f4 Bf6 23.Qf3 e4 24.Qe2 Ne7 25.Nf1 Rg8 26.Rad1 Ng6 27.Qc2 Nh4 28.Re2 Rg6 
29.Kh1 Reg8 30.Rdd2 Qc7 31.Nh2 Qxa5 32.g4 Be7 33.Bf2 R6g7 34.gxf5 Nxf5 35.
Qxe4 Rg1+ 36.Bxg1 Ng3+ 37.Kg2 Nxe4+ 38.Ng4 Nxd2 39.Rxe7 h5 0-1

[Event "XX Festival Conca della Presolana A"]
[Site "Bratto - Castione della Presolana ITA"]
[Date "2000.08.30"]
[Round "6"]
[White "Manzoni, Alessandro"]
[Black "Pirola, Andrea"]
[Result "1/2-1/2"]
[WhiteElo "2115"]
[BlackElo "1909"]
[PlyCount "179"]
[EventDate "2000.08.25"]

1.e4 e6 2.d3 d5 3.Nd2 Nf6 4.Ngf3 b6 5.e5 Nfd7 6.d4 c5 7.c3 Ba6 8.Bxa6 Nxa6
9.Qe2 c4 10.O-O Nc7 11.Ne1 f5 12.exf6 Qxf6 13.Ndf3 Bd6 14.Bg5 Qg6 15.Bh4 
O-O 16.Bg3 Bxg3 17.hxg3 Ne8 18.Nc2 Nd6 19.Rae1 Rae8 20.Nb4 Qh6 21.Qd2 Qxd2
22.Nxd2 Nf6 23.Re2 Nde4 24.Nxe4 Nxe4 25.Rfe1 Rf6 26.g4 a5 27.Nc6 g5 28.f3 
Nd6 29.Ne5 b5 30.Nd7 Rg6 31.Nc5 Kf7 32.Na6 Re7 33.Nb8 Rc7 34.Na6 Re7 35.
Nc5 Ne8 36.Kf2 Rf6 37.Rh1 Kg6 38.Ra1 Nd6 39.Kg3 Nb7 40.Nxb7 Rxb7 41.Rae1 
Rb6 42.Kf2 Kf7 43.Ke3 b4 44.Rh1 bxc3 45.bxc3 Kg6 46.g3 h6 47.Reh2 Kg7 48.
f4 gxf4+ 49.gxf4 a4 50.Rg2 a3 51.Rhg1 Rf8 52.f5 Kh8 53.Kf4 exf5 54.g5 Rb2 
55.Rxb2 hxg5+ 56.Rxg5 axb2 57.Rg1 Ra8 58.Rb1 Rxa2 59.Kxf5 Ra3 60.Rxb2 Rxc3
61.Ke5 Rc1 62.Kxd5 Kg7 63.Re2 c3 64.Kc4 c2 65.d5 Rd1 66.Rxc2 Kf7 67.Kc5 
Ke7 68.Kc6 Rd3 69.Re2+ Kd8 70.Rh2 Ke7 71.Rh7+ Kd8 72.Kd6 Kc8 73.Rh8+ Kb7 
74.Rd8 Rh3 75.Re8 Rh6+ 76.Kd7 Rh7+ 77.Re7 Rh8 78.d6 Kb6 79.Rf7 Kb7 80.Ke7 
Kb6 81.d7 Kc7 82.Rg7 Rd8 83.Ke6 Rh8 84.Rf7 Kd8 85.Rf6 Rg8 86.Kd6 Rh8 87.
Kc6 Rg8 88.Rd6 Rh8 89.Rg6 Rf8 90.Kd6 1/2-1/2

[Event "XX Festival Conca della Presolana A"]
[Site "Bratto - Castione della Presolana ITA"]
[Date "2000.08.30"]
[Round "6"]
[White "Mariano, Elia"]
[Black "Marta, Daniele"]
[Result "1-0"]
[WhiteElo "2093"]
[BlackElo "1900"]
[PlyCount "59"]
[EventDate "2000.08.25"]

1.d4 Nf6 2.c4 g6 3.Nc3 Bg7 4.e4 d6 5.Nf3 O-O 6.Be2 e5 7.d5 a5 8.Bg5 h6 9.
Bh4 Na6 10.Nd2 Nc5 11.O-O Qe8 12.b3 Nh7 13.a3 f5 14.f3 f4 15.b4 axb4 16.
axb4 Rxa1 17.Qxa1 Nd7 18.Nb5 g5 19.Nxc7 Qg6 20.Bf2 Ndf6 21.Nb5 g4 22.Nxd6 
g3 23.Be1 Qg5 24.Nxc8 Qh4 25.Ne7+ Kf7 26.hxg3 fxg3 27.Bxg3 Qxg3 28.Nf5 Qf4
29.Qc3 Qg5 30.Qxe5 1-0

[Event "XX Festival Conca della Presolana A"]
[Site "Bratto - Castione della Presolana ITA"]
[Date "2000.08.30"]
[Round "6"]
[White "Mascheroni, Maurizio"]
[Black "Laco, Giuseppe"]
[Result "0-1"]
[WhiteElo "2059"]
[BlackElo "2180"]
[PlyCount "74"]
[EventDate "2000.08.25"]

1.e4 c5 2.Nf3 e6 3.d3 b5 4.g3 Bb7 5.Bg2 Be7 6.O-O h5 7.h4 d6 8.Be3 Nd7 9.
Nbd2 Ngf6 10.Nh2 Ne5 11.Bh3 Nfg4 12.Nxg4 hxg4 13.Bg2 g5 14.f4 gxf3 15.Nxf3
gxh4 16.Nxe5 dxe5 17.Qf3 f5 18.Qf2 Rg8 19.exf5 Rxg3 20.Qxg3 hxg3 21.Bxb7 
Kd7 22.fxe6+ Kxe6 23.Bg2 Qh8 24.Rf3 Qh2+ 25.Kf1 Rg8 26.Re1 Kd7 27.Bg1 Qh5 
28.c3 Bd6 29.d4 exd4 30.cxd4 c4 31.a4 b4 32.Rc1 Rc8 33.Re1 c3 34.bxc3 Rxc3
35.Rf6 b3 36.Be4 Rc1 37.Bf5+ Qxf5+ 0-1

[Event "XX Festival Conca della Presolana A"]
[Site "Bratto - Castione della Presolana ITA"]
[Date "2000.08.30"]
[Round "6"]
[White "Menoni, Vincenzo"]
[Black "Drabke, Lorenz Maximilian"]
[Result "0-1"]
[WhiteElo "2240"]
[BlackElo "2144"]
[PlyCount "84"]
[EventDate "2000.08.25"]

1.e4 c5 2.Nc3 Nc6 3.Nge2 e6 4.g3 Nd4 5.Bg2 Ne7 6.O-O d6 7.Nxd4 cxd4 8.Ne2 
e5 9.d3 g6 10.c3 dxc3 11.bxc3 Bg7 12.d4 O-O 13.Ba3 Nc6 14.dxe5 Nxe5 15.
Bxd6 Re8 16.Bxe5 Bxe5 17.h3 Be6 18.Qc2 Rc8 19.f4 Bxc3 20.Nxc3 Qd4+ 21.Qf2 
Qxf2+ 22.Rxf2 Rxc3 23.g4 b5 24.Rd2 b4 25.Rb1 a5 26.Rbb2 Rb8 27.Bf1 Rc1 28.
Rbc2 Rxc2 29.Rxc2 a4 30.f5 b3 31.axb3 Bxb3 32.Rc1 a3 33.Ra1 a2 34.Kf2 Rd8 
35.Be2 Rd2 36.Ke3 Rb2 37.Bd3 Rh2 38.Be2 Rxh3+ 39.Kd2 Rh2 40.Ke3 f6 41.Bd3 
Kg7 42.Be2 Kh6 0-1

[Event "XX Festival Conca della Presolana A"]
[Site "Bratto - Castione della Presolana ITA"]
[Date "2000.08.30"]
[Round "6"]
[White "Mione, Dario"]
[Black "Cazzaniga, Walter"]
[Result "1-0"]
[WhiteElo "2286"]
[BlackElo "2170"]
[PlyCount "67"]
[EventDate "2000.08.25"]

1.e4 e6 2.d4 d5 3.Nd2 Nc6 4.Ngf3 Nf6 5.e5 Nd7 6.Nb3 a5 7.a4 Be7 8.Bb5 O-O 
9.Bd2 Ndb8 10.h4 f6 11.Bd3 f5 12.c3 b6 13.Nc1 Ba6 14.Ng5 Bxg5 15.hxg5 g6 
16.Qf3 Ne7 17.Ne2 Qd7 18.Nf4 c5 19.Ke2 Bxd3+ 20.Qxd3 Nbc6 21.Rh6 Rf7 22.
Rah1 Rg7 23.Qh3 Nc8 24.Nxe6 Qxe6 25.Rxh7 Qe7 26.Rh8+ Kf7 27.Qh6 Ke6 28.Rh7
Rxh7 29.Qxg6+ Kd7 30.Rxh7 Qxh7 31.e6+ Kc7 32.Bf4+ Kb7 33.Qxh7+ N8e7 34.Bd6
1-0